00329pam a2200145a 44500008004100000020000900041041001200050082000900062100002800071245003300099250000600132260002800138300000800166650000900174230515b1995 xxu||||| |||| 00| 0 eng d aNULL aENGLISH aN.D. aSmith D. L. / Case L.T. aManaging Local Area Networks a0 aNULLbMcgraw Hillc1995 a606 aNULL